| 000 | 00721 a2200169 4500 | ||
|---|---|---|---|
| 003 | Nust | ||
| 005 | 20230526101011.0 | ||
| 040 | _cNust | ||
| 082 | _a808.81,HAZ | ||
| 100 |
_aWilliam Hazlitt _9112668 |
||
| 245 |
_aThe works _cWillam Hazlitt |
||
| 260 |
_aLondon _bGrant Richards _c1903 |
||
| 300 | _a244,p.; | ||
| 505 | _aOne The Pleasure of painting (Page-1), On the Past and Future (Page-25), On the Ignorance of the Learned (Page-92), On Will-making (Page-152), On Milton’s Sonnets (Page-235), On Going A Journey (Page-244), On Criticism (Page-200), On Patronage and Puffing (Page-394), On the Picturesque and Ideal (Page-433), On the fear of Death (Page-439). | ||
| 650 |
_aThe works _9112669 |
||
| 942 |
_2ddc _cBK |
||
| 999 |
_c186330 _d186330 |
||